[Event "Najdorf Mem Open A"]
[Site "Warsaw POL"]
[Date "2010.07.22"]
[Round "6"]
[White "Drozdowski,K"]
[Black "Lammens,Tim"]
[Result "1-0"]
[WhiteElo "2223"]
[BlackElo "2268"]
[EventDate "2010.07.17"]

1. e4 e5 2. Nf3 Nc6 3. Bc4 Nf6 4. d3 Bc5 5. O-O O-O 6. c3 d5 7. exd5 Nxd5
8. Re1 Bg4 9. h3 Bh5 10. Nbd2 a6 11. Ne4 Ba7 12. Ng3 Bg6 13. Nxe5 Nxe5 14.
Rxe5 Nb6 15. Re1 Nxc4 16. dxc4 Qh4 17. Qg4 Qxg4 18. hxg4 Rfe8 19. Bf4 f6
20. Rad1 Bc2 21. Rc1 Bd3 22. b3 Bb6 23. Rcd1 Bc2 24. Rc1 Bd3 25. Rcd1 Bc2
26. Rxe8+ Rxe8 27. Rd2 Bb1 28. Ne2 Re4 29. Kf1 g5 30. Bg3 a5 31. f3 Re7 32.
Bf2 Bxf2 33. Kxf2 c5 34. Ng3 Re6 35. Nf1 Ra6 36. Ne3 a4 37. Rb2 Bd3 38. Nd5
a3 39. Rd2 Bb1 40. Nc7 Ra5 41. Ke1 f5 42. gxf5 Bxf5 43. g4 Bg6 44. Rd8+ Kg7
45. Rd7+ Kf8 46. Ne6+ Ke8 47. Rd5 Bb1 48. Rd2 h6 49. Kd1 Ke7 50. Nc7 Ra7
51. Kc1 Bg6 52. Rh2 Kf6 53. Rxh6 Kg7 54. Rh2 b6 55. Nb5 Rf7 56. Rf2 Rf4 57.
Kd1 Be4 58. Ke2 Bb1 59. Ke1 Rf8 60. Nxa3 Re8+ 61. Kf1 Bd3+ 62. Kg2 Re1 63.
Rd2 Ra1 64. Kg3 Bg6 65. Nb5 Rg1+ 66. Kf2 Ra1 67. Nc7 Bb1 68. a4 Ra2 69.
Rxa2 Bxa2 70. Nd5 Bxb3 71. Nxb6 1-0

[Event "Najdorf Mem Open A"]
[Site "Warsaw POL"]
[Date "2010.07.22"]
[Round "6"]
[White "Zaninotto,F"]
[Black "Berczes,D"]
[Result "1/2-1/2"]
[WhiteElo "2189"]
[BlackElo "2551"]
[EventDate "2010.07.17"]

1. e4 c6 2. c4 d5 3. cxd5 cxd5 4. exd5 Nf6 5. Bb5+ Nbd7 6. Nc3 a6 7. Qa4
Rb8 8. Bxd7+ Qxd7 9. Qb3 Qg4 10. Nge2 Qxg2 11. Rg1 Qh3 12. d4 b5 13. Bf4
Ra8 14. a4 b4 15. Qxb4 Qd7 16. Qa5 Bb7 17. Be5 Nxd5 18. Nxd5 Qxd5 19. Qxd5
Bxd5 20. Bxg7 Rg8 21. Bxf8 Rxg1+ 22. Nxg1 Kxf8 23. Ne2 Rb8 24. O-O-O Bb3
25. Rd3 Bxa4 26. Nc3 Bd7 27. Ne4 Bf5 28. f3 Rb6 29. Ra3 Rh6 30. b4 Rb6 31.
Rb3 Be6 32. Rb2 Bc4 33. Kd2 Rg6 34. Ke3 Rg1 35. Rc2 Bb5 36. Nc3 Bc4 37. Ne4
Bd5 38. Rc8+ Kg7 39. Rc5 e6 40. Nc3 Bb3 41. b5 axb5 42. Rxb5 Bc2 43. d5
exd5 44. Rxd5 Bg6 45. Rd2 Re1+ 1/2-1/2

[Event "Najdorf Mem Open A"]
[Site "Warsaw POL"]
[Date "2010.07.22"]
[Round "6"]
[White "Winski,L"]
[Black "Bobula,M"]
[Result "0-1"]
[WhiteElo "2115"]
[BlackElo "2387"]
[EventDate "2010.07.17"]

1. e4 e6 2. d4 d5 3. Nc3 Bb4 4. e5 c5 5. a3 Bxc3+ 6. bxc3 Ne7 7. Qg4 O-O 8.
Bd3 f5 9. exf6 Rxf6 10. Bg5 Rf7 11. Qh4 h6 12. Nf3 Nbc6 13. Ne5 Nxe5 14.
dxe5 hxg5 15. Qh7+ Kf8 16. Qh8+ Ng8 17. h4 g4 18. Bg6 Rf4 19. Bh7 Kf7 20.
g3 Rf3 21. Bg6+ Kxg6 22. h5+ Kf7 23. h6 Qg5 24. Rh5 Qg6 0-1

[Event "Najdorf Mem Open A"]
[Site "Warsaw POL"]
[Date "2010.07.22"]
[Round "6"]
[White "Przezdziecka,M"]
[Black "Grochulski,G"]
[Result "1/2-1/2"]
[WhiteElo "2278"]
[BlackElo "2045"]
[EventDate "2010.07.17"]

1. d4 d6 2. Nf3 g6 3. c4 Bg7 4. Nc3 Bg4 5. e3 c5 6. Be2 cxd4 7. Nxd4 Bxe2
8. Ndxe2 Nc6 9. O-O Nf6 10. e4 O-O 11. h3 a6 12. Be3 Ne5 13. b3 b5 14. cxb5
axb5 15. f3 b4 16. Na4 Qa5 17. Rc1 Rac8 18. Nd4 Rxc1 19. Qxc1 d5 20. f4 Nd3
21. Qd2 dxe4 22. Nc6 Qb5 23. Nxe7+ Kh8 24. Nb6 Re8 25. Nec8 Qc6 26. Na7 Qb7
27. Nc4 Ra8 28. Nd6 Qd7 29. Nab5 Nd5 30. f5 Be5 31. fxg6 fxg6 32. Nf7+ Kg8
33. Nxe5 Qxb5 34. Ng4 Nxe3 35. Qxe3 Qc5 36. Qxc5 Nxc5 37. Rc1 Nd3 38. Rc2
Kf7 39. Nf2 Nxf2 40. Kxf2 Ke6 41. Ke3 Kd5 42. Rd2+ Ke5 43. Rd4 Rxa2 44.
Rxe4+ Kd5 45. Rxb4 Rxg2 1/2-1/2

[Event "Najdorf Mem Open A"]
[Site "Warsaw POL"]
[Date "2010.07.22"]
[Round "6"]
[White "Rademakers,E"]
[Black "Borowicz,P"]
[Result "0-1"]
[WhiteElo "2171"]
[BlackElo "2001"]
[EventDate "2010.07.17"]

1. d4 d5 2. c4 c6 3. Nf3 e6 4. e3 Nf6 5. Bd3 Nbd7 6. O-O Bd6 7. Nbd2 O-O 8.
e4 dxe4 9. Nxe4 Nxe4 10. Bxe4 Nf6 11. Bc2 h6 12. b3 b6 13. Bb2 c5 14. Qd3
cxd4 15. Nxd4 Bb7 16. Rfe1 Bc5 17. Rad1 Qd6 18. Qe2 Rfd8 19. Nf3 Qf4 20.
Ne5 Ne4 21. Bxe4 Qxe4 22. Qxe4 Bxe4 23. Kf1 Bc2 24. Rc1 Bh7 25. Red1 f6 26.
Nf3 Bd3+ 27. Ke1 Bb4+ 28. Bc3 Ba3 29. Ra1 e5 30. Rd2 b5 31. cxb5 Rac8 32.
Ba5 Rd5 33. Kd1 e4 34. Ne1 Rxb5 35. b4 Rd5 36. f3 f5 37. Nxd3 e3 38. Ke2
exd2 39. Kxd2 Bxb4+ 40. Bxb4 Rcd8 41. Ke2 Rxd3 42. Rc1 R3d5 43. a3 a5 44.
Be1 Re8+ 45. Kf2 Rde5 46. Kf1 Rb8 47. Kf2 Rb2+ 48. Kg3 Ra2 49. Rc8+ Kh7 50.
Bc3 Ree2 0-1

[Event "Najdorf Mem Open A"]
[Site "Warsaw POL"]
[Date "2010.07.22"]
[Round "6"]
[White "Spicak,K"]
[Black "Lada,M"]
[Result "1-0"]
[WhiteElo "2026"]
[BlackElo "2159"]
[EventDate "2010.07.17"]

1. e4 e6 2. d4 d5 3. e5 c5 4. c3 Nc6 5. Nf3 Bd7 6. dxc5 Bxc5 7. Bd3 a5 8.
O-O Nge7 9. Bf4 Qc7 10. Bg3 a4 11. Nbd2 h6 12. Qe2 g5 13. h3 Ng6 14. b4
axb3 15. axb3 Rxa1 16. Rxa1 Ke7 17. b4 Bb6 18. Rb1 Qb8 19. Bxg6 fxg6 20. c4
dxc4 21. Nxc4 Bc7 22. b5 Na5 23. Nxa5 Bxa5 24. Qd3 Bb6 25. Qxg6 Qf8 26. Qd3
Bc5 27. Nd2 Qb8 28. Ne4 Bb6 29. Nd6 Be8 30. Qa3 Kd8 31. Nc4 Qc7 32. Rd1+
Kc8 33. Qa8+ 1-0

[Event "Najdorf Mem Open A"]
[Site "Warsaw POL"]
[Date "2010.07.22"]
[Round "6"]
[White "Nowicki,B"]
[Black "Suchocki,T"]
[Result "1/2-1/2"]
[WhiteElo "2067"]
[BlackElo "1978"]
[EventDate "2010.07.17"]

1. e4 e6 2. d4 d5 3. Nd2 Nf6 4. e5 Nfd7 5. Bd3 c5 6. c3 Nc6 7. Ngf3 g6 8.
O-O Bg7 9. Qe2 O-O 10. Rd1 cxd4 11. cxd4 f6 12. exf6 Qxf6 13. Nb3 e5 14.
Bg5 Qf7 15. dxe5 Ndxe5 16. Nxe5 Nxe5 17. Nd4 Bd7 18. Bb5 Rae8 19. Bxd7 Qxd7
20. Qb5 Qf7 21. f3 a6 22. Qb3 h6 23. Be3 Nc4 24. Bf2 Re7 25. Rd3 Rfe8 26.
Rad1 Kh7 27. Qb4 1/2-1/2

[Event "Najdorf Mem Open A"]
[Site "Warsaw POL"]
[Date "2010.07.22"]
[Round "6"]
[White "Hetzer,V"]
[Black "Bugajski,R"]
[Result "0-1"]
[WhiteElo "2063"]
[BlackElo "2222"]
[EventDate "2010.07.17"]

1. Nf3 Nf6 2. d4 g6 3. Bg5 Bg7 4. Nbd2 O-O 5. e4 d6 6. Bd3 c5 7. dxc5 dxc5
8. h3 Nc6 9. O-O h6 10. Bh4 Nh5 11. e5 Nf4 12. Re1 Nxd3 13. cxd3 Qxd3 14.
Re3 Qd5 15. Bg3 Rd8 16. Qa4 Be6 17. Qh4 Nd4 18. Nxd4 Qxd4 19. Ne4 Bf5 20.
Rae1 g5 21. Qh5 Bg6 22. Qf3 Rac8 23. h4 f5 24. exf6 exf6 25. h5 Bf7 26. Nc3
Rd7 27. Re4 Qd3 28. R4e3 Qc2 29. Qg4 f5 30. Qf3 f4 31. R3e2 Qf5 32. Bh2
Rcd8 33. Re4 Rd3 34. Qe2 Rd2 35. Qb5 Bxc3 36. bxc3 Qxe4 0-1

[Event "Najdorf Mem Open A"]
[Site "Warsaw POL"]
[Date "2010.07.22"]
[Round "6"]
[White "Goslawski,M"]
[Black "Solnicki,M"]
[Result "1-0"]
[WhiteElo "2018"]
[BlackElo "2084"]
[EventDate "2010.07.17"]

1. d4 d5 2. Nf3 Nf6 3. c4 dxc4 4. g3 c5 5. Bg2 Nc6 6. Qa4 cxd4 7. O-O Bd7
8. Qxc4 Qb6 9. e3 Rc8 10. Na3 e5 11. exd4 Nxd4 12. Qd3 Bxa3 13. Nxd4 Bc5
14. Nb3 Bb5 15. Qf5 Bxf1 16. Qxc8+ Ke7 17. Qxc5+ Qxc5 18. Nxc5 Bxg2 19.
Kxg2 b6 20. Nb3 Nd5 21. Bd2 Rd8 22. Bc3 f6 23. Kf1 a5 24. Nc1 Ke6 25. Ne2
g5 26. g4 Rc8 27. Rc1 Rc4 28. h3 h5 29. gxh5 Rh4 30. Kg2 Rxh5 31. Bd2 Rh4
32. Nc3 Nb4 33. Nb5 Kf5 34. Nd6+ Ke6 35. Bxb4 Rxb4 36. Nc4 b5 37. Nxa5 Rxb2
38. Ra1 Kd5 39. Nb3 e4 40. Rd1+ Kc4 41. Rd2 Kc3 42. Rxb2 Kxb2 43. Nd4 b4
44. Nc6 Kxa2 45. Nxb4+ Kb3 46. Nd5 f5 47. Nf6 Kc4 48. Nh7 g4 49. hxg4 fxg4
50. Nf6 1-0

[Event "Najdorf Mem Open A"]
[Site "Warsaw POL"]
[Date "2010.07.22"]
[Round "6"]
[White "Tscharotschkin,M"]
[Black "Zakoscielna,K"]
[Result "1-0"]
[WhiteElo "2201"]
[BlackElo "2040"]
[EventDate "2010.07.17"]

1. e4 c5 2. Nf3 e6 3. c3 Nf6 4. e5 Nd5 5. d4 cxd4 6. cxd4 d6 7. a3 Nc6 8.
Bd3 dxe5 9. dxe5 a6 10. O-O Be7 11. Be4 h6 12. b4 O-O 13. Ra2 Qc7 14. Rc2
Rd8 15. Qe2 b5 16. Be3 Bb7 17. Rfc1 Rac8 18. Bxd5 exd5 19. Nd4 Qd7 20. Nxc6
Bxc6 21. Bd4 Bg5 22. Nd2 Bb7 23. g3 Bxd2 24. Rxc8 Rxc8 25. Rxc8+ Qxc8 26.
Qxd2 Qc4 27. e6 fxe6 28. Qe3 Qc6 29. Qe5 Qd7 30. h4 Qf7 31. g4 Kh7 32. g5
hxg5 33. hxg5 Kg6 34. Kg2 Bc6 35. Kg3 Be8 36. f4 Kh7 37. Kf2 Qd7 38. Ke3
Bg6 39. Kd2 Be4 40. Be3 Kg6 41. Kc3 Bf5 42. Qd4 Qb7 43. Qc5 Qa8 44. Qd6 Qh8
45. Qe5 Qf8 46. Qc7 Qh8 47. Kd4 Qh3 48. Qe5 Qh8 49. Kc5 Qc8+ 50. Kb6 Qd7
51. Bd4 Bd3 52. Qb8 Bc4 53. Kxa6 Bd3 54. Kb6 Bc4 55. Ka5 Bd3 56. Kb6 Bc4
57. Kc5 Bd3 58. Be5 Be2 59. Bd6 Bc4 60. Kd4 Bf1 61. Bc5 Bc4 62. Bd6 Bf1 63.
Qb6 Bc4 64. Be5 Bf1 65. Qc5 Bc4 66. Qb6 Bf1 67. Kc3 Bc4 68. Kb2 Bd3 69. Qc5
Bc4 70. Qb6 Bd3 71. Qa6 Bc4 72. Qb6 Bd3 73. Qd4 Bc4 74. Kc3 Qb7 75. Kb2 Qd7
76. Qc5 Bd3 77. Kc3 Bc4 78. Kd4 Be2 79. Qc2+ 1-0

[Event "Najdorf Mem Open A"]
[Site "Warsaw POL"]
[Date "2010.07.22"]
[Round "6"]
[White "Warakomski,T"]
[Black "Delega,T"]
[Result "1-0"]
[WhiteElo "2495"]
[BlackElo "2186"]
[EventDate "2010.07.17"]

1. e4 Nf6 2. e5 Nd5 3. c4 Nb6 4. d4 d6 5. exd6 exd6 6. Nc3 Bf5 7. Nf3 Be7
8. Be2 Bf6 9. O-O Nc6 10. Be3 O-O 11. Rc1 d5 12. c5 Nc8 13. b4 a6 14. Qb3
N8e7 15. Rfd1 h6 16. h3 Be6 17. b5 axb5 18. Nxb5 g5 19. Bd2 Qd7 20. Bc3 Ng6
21. Bd2 Rfe8 22. Bd3 Nce7 23. Nh2 Bg7 24. Qb1 Ra4 25. Nd6 Rxd4 26. Nxe8
Qxe8 27. Bc3 Rxd3 28. Rxd3 Nf4 29. Bxg7 Ne2+ 30. Kh1 Nxc1 31. Qxc1 Kxg7 32.
Qb2+ Kg6 33. Qxb7 Qa4 34. Qxc7 Qc2 35. Nf3 Nf5 36. Ne5+ Kg7 37. Rf3 h5 38.
c6 g4 39. hxg4 hxg4 40. Nxg4 Qd1+ 41. Kh2 1-0

[Event "Najdorf Mem Open A"]
[Site "Warsaw POL"]
[Date "2010.07.22"]
[Round "6"]
[White "Stoma,P"]
[Black "Gamback,B"]
[Result "1-0"]
[WhiteElo "2302"]
[BlackElo "2192"]
[EventDate "2010.07.17"]

1. e4 c5 2. Nf3 a6 3. Nc3 e6 4. d4 cxd4 5. Nxd4 Qc7 6. Bd3 Bc5 7. Nb3 Be7
8. O-O Nf6 9. Qe2 d6 10. Kh1 b5 11. a3 Bb7 12. f4 Nbd7 13. Bd2 O-O 14. Rae1
e5 15. fxe5 dxe5 16. Rf3 Rfe8 17. Qf2 Qb6 18. Qg3 Qe6 19. Na5 Rab8 20. Nxb7
Rxb7 21. b4 Bd8 22. Nd5 Qg4 23. Qf2 Nxd5 24. exd5 Nf6 25. Rf5 Rbe7 26. Rg5
Qd4 27. Qxf6 g6 28. Rg4 1-0

[Event "Najdorf Mem Open A"]
[Site "Warsaw POL"]
[Date "2010.07.22"]
[Round "6"]
[White "Kamieniecki,T"]
[Black "Doluhanova,E"]
[Result "1-0"]
[WhiteElo "2016"]
[BlackElo "2312"]
[EventDate "2010.07.17"]

1. d4 d5 2. c4 e6 3. Nc3 c6 4. Nf3 Nf6 5. Bg5 h6 6. Bh4 dxc4 7. a4 Bb4 8.
Qc2 Nbd7 9. e4 Qa5 10. Nd2 b5 11. Be2 Qb6 12. f4 Bb7 13. O-O a6 14. Bf2 O-O
15. d5 Bc5 16. dxe6 fxe6 17. a5 Qc7 18. e5 Nd5 19. Nxd5 cxd5 20. Qg6 Bxf2+
21. Rxf2 Rae8 22. Ra3 Re7 23. Rh3 Kh8 24. Nf3 Rg8 25. Ng5 Nf8 26. Qh5 Bc6
27. Bg4 Be8 28. Qh4 Bg6 29. f5 exf5 30. Bxf5 Qxe5 31. Bxg6 Nxg6 32. Qxh6+
1-0

[Event "Najdorf Mem Open A"]
[Site "Warsaw POL"]
[Date "2010.07.22"]
[Round "6"]
[White "Alvarado,C"]
[Black "Szewczak,And"]
[Result "1-0"]
[WhiteElo "2216"]
[BlackElo "1981"]
[EventDate "2010.07.17"]

1. d4 e6 2. c4 c5 3. d5 Nf6 4. Nc3 d6 5. e4 e5 6. Bd3 Na6 7. Nge2 Be7 8. h3
Nh5 9. g4 Nf6 10. Ng3 g6 11. Bh6 Bf8 12. Bg5 Be7 13. Bh6 Bf8 14. Be3 h5 15.
g5 Nh7 16. h4 Be7 17. a3 Nxg5 18. hxg5 Bxg5 19. Qd2 Bxe3 20. Qxe3 Bd7 21.
O-O-O Qf6 22. Rdf1 Qf4 23. Nd1 Ke7 24. Ne2 Qxe3+ 25. Nxe3 Nc7 26. Nc3 a6
27. b4 b5 28. bxc5 dxc5 29. f4 exf4 30. Rxf4 g5 31. Nf5+ Bxf5 32. Rxf5 b4
33. axb4 cxb4 34. Na4 Rab8 35. e5 Ne8 36. d6+ Nxd6 37. exd6+ Kxd6 38. c5+
Ke7 39. Re1+ Kf8 40. Bc4 1-0

[Event "Najdorf Mem Open A"]
[Site "Warsaw POL"]
[Date "2010.07.22"]
[Round "6"]
[White "Banasik,K"]
[Black "Wisniowska,K"]
[Result "1/2-1/2"]
[WhiteElo "2250"]
[BlackElo "1999"]
[EventDate "2010.07.17"]

1. g3 d6 2. Bg2 g6 3. e4 Bg7 4. f4 c5 5. Nf3 Nc6 6. d3 e6 7. O-O Nge7 8. c3
O-O 9. Be3 f5 10. Nbd2 Rb8 11. Bf2 b5 12. d4 cxd4 13. cxd4 Nb4 14. Qb3 a5
15. Rac1 fxe4 16. Nxe4 Nbd5 17. Rfe1 h6 18. Qd3 Nf5 19. h4 h5 20. Neg5 Re8
21. Re2 Qf6 22. Ne4 Qf8 23. Nfg5 Bd7 24. Nc3 Nxc3 25. bxc3 d5 26. Rce1 Qd6
27. Qf3 b4 28. g4 hxg4 29. Qxg4 bxc3 30. Nf3 Rb2 31. Qxg6 c2 32. Rc1 Rc8
33. Ng5 Rb1 34. Qf7+ Kh8 35. Qh5+ Kg8 36. Qf7+ Kh8 1/2-1/2

[Event "Najdorf Mem Open A"]
[Site "Warsaw POL"]
[Date "2010.07.22"]
[Round "6"]
[White "Jacek,K"]
[Black "Lewandowski,Ra"]
[Result "1/2-1/2"]
[WhiteElo "2055"]
[BlackElo "2240"]
[EventDate "2010.07.17"]

1. e4 c5 2. Nf3 e6 3. d4 cxd4 4. Nxd4 a6 5. Bd3 g6 6. O-O Bg7 7. c3 d5 8.
Qa4+ Bd7 9. Qb3 Nc6 10. exd5 Na5 11. Qa3 exd5 12. Re1+ Ne7 13. Bf4 Nac6 14.
Bd6 Bf6 15. Nd2 Nxd4 16. cxd4 Be6 17. Rac1 O-O 18. Nf3 Rc8 19. Be5 Nc6 20.
Qb3 Nxe5 21. dxe5 Bg5 22. Rcd1 Bh6 23. Qxb7 Qa5 24. b4 Qxa2 25. Qb6 Rb8 26.
Qd4 Qa4 27. Qh4 Kg7 28. Qf6+ Kg8 29. Qh4 Kg7 30. Qf6+ Kg8 31. Qh4 Kg7
1/2-1/2

[Event "Najdorf Mem Open A"]
[Site "Warsaw POL"]
[Date "2010.07.22"]
[Round "6"]
[White "Kaczmarek,M"]
[Black "Zurkowski,A"]
[Result "0-1"]
[WhiteElo "2044"]
[BlackElo "2175"]
[EventDate "2010.07.17"]

1. c4 e5 2. Nc3 Nc6 3. Nf3 d6 4. d4 exd4 5. Nxd4 Nf6 6. Bg5 Be7 7. Nxc6
bxc6 8. e3 O-O 9. Be2 Rb8 10. Qd2 Bf5 11. O-O Nd7 12. Bxe7 Qxe7 13. b3 Rfe8
14. Rfe1 Qf6 15. Rad1 Qg6 16. Bd3 Ne5 17. Bxf5 Qxf5 18. f4 Ng6 19. g3 h5
20. e4 Qg4 21. Qe2 Qh3 22. Qg2 Nxf4 23. Qf2 Ng6 24. Qxa7 Ne5 25. Qf2 Re6
26. Qg2 Qg4 27. Rf1 Rg6 28. Rf5 h4 29. Rf4 Qg5 30. Ne2 Ng4 31. Qf3 Qc5+ 32.
Nd4 Ne5 33. Qf2 hxg3 34. hxg3 Ng4 35. Qe2 Nf6 36. Qf2 Re8 37. Rf5 Re5 38.
Re1 Rg4 39. Rxe5 Qxe5 40. Nxc6 Rxg3+ 41. Kf1 Qg5 42. Ne7+ Kf8 43. Nd5 Rg4
44. Nxf6 gxf6 45. Re3 Qh5 46. Qf3 Qh4 47. Ke2 Qh2+ 48. Kd3 Qg1 49. Kd4 Rg5
50. Kc3 Qa1+ 51. Kd3 Rg1 52. Re2 c5 53. Qf2 Rf1 54. Qe3 Rd1+ 55. Rd2 Qb1+
0-1

[Event "Najdorf Mem Open A"]
[Site "Warsaw POL"]
[Date "2010.07.22"]
[Round "6"]
[White "Bernotas,A"]
[Black "Janczarski,M"]
[Result "0-1"]
[WhiteElo "2059"]
[BlackElo "2285"]
[EventDate "2010.07.17"]

1. e4 c5 2. c3 d6 3. d4 Nd7 4. Nf3 g6 5. Bc4 e6 6. Bf4 Ngf6 7. dxc5 Nxc5 8.
e5 Nh5 9. Bg5 Qb6 10. b4 Nd7 11. g4 Ng7 12. exd6 h5 13. Nd4 a6 14. Nd2 Qxd6
15. Ne4 Qc7 16. Qd3 hxg4 17. O-O-O Rh3 18. f3 Bxb4 19. Nf6+ Nxf6 20. Bxf6
Qf4+ 21. Kb1 Qxf6 22. cxb4 Nf5 23. Bb5+ Kf8 0-1

[Event "Najdorf Mem Open A"]
[Site "Warsaw POL"]
[Date "2010.07.22"]
[Round "6"]
[White "Gluszko,M"]
[Black "Choroszej,A"]
[Result "0-1"]
[WhiteElo "2004"]
[BlackElo "2095"]
[EventDate "2010.07.17"]

1. e4 g6 2. d4 Bg7 3. Nc3 d6 4. Be3 Nd7 5. g4 a6 6. Nge2 b5 7. Ng3 Bb7 8.
a3 c5 9. f4 Qb6 10. dxc5 dxc5 11. Bg2 Rd8 12. Qe2 e6 13. Rd1 Bd4 14. g5 Ne7
15. O-O O-O 16. Kh1 f6 17. gxf6 Nxf6 18. Bxd4 Rxd4 19. Rxd4 cxd4 20. Nb1
Qc7 21. c3 Rd8 22. cxd4 Rxd4 23. Nc3 Qd7 24. Rd1 Rxd1+ 25. Qxd1 Qc7 26. Qb3
Kf7 27. Bh3 Qc6 28. Kg1 h5 29. f5 gxf5 30. exf5 Nxf5 31. Nxf5 Qh1+ 32. Kf2
Qxh2+ 33. Ke1 Qxh3 34. Nd6+ Kg7 35. Qb4 Qe3+ 36. Kd1 Bf3+ 37. Kc2 Nd5 38.
Nxd5 Bxd5 39. Ne8+ Kg6 40. Qe7 Bb3+ 0-1

[Event "Najdorf Mem Open A"]
[Site "Warsaw POL"]
[Date "2010.07.22"]
[Round "6"]
[White "Krasiewicz,R"]
[Black "Bursa,R"]
[Result "0-1"]
[WhiteElo "2053"]
[BlackElo "2014"]
[EventDate "2010.07.17"]

1. d4 d5 2. c4 e6 3. Nf3 Nf6 4. Qc2 Ne4 5. g3 Be7 6. Bg2 O-O 7. O-O c6 8.
b3 Qa5 9. Bb2 Nd7 10. Ne1 f5 11. Nd3 Ndf6 12. f3 Nd6 13. Nd2 Bd7 14. Ne5
Rac8 15. e4 c5 16. exd5 exd5 17. Rfe1 Bd8 18. Nxd7 Nxd7 19. Re6 Ne8 20.
cxd5 Bf6 21. Nc4 cxd4 22. Qxf5 Qd8 23. Ba3 d3 24. Bxf8 Nxf8 25. Rd1 b5 26.
Rxf6 gxf6 27. Ne3 d2 28. Rxd2 Rc1+ 29. Kf2 Qa5 30. Qd3 Nd6 31. Bh3 Ng6 32.
Be6+ Kf8 33. Qd4 Ne5 34. b4 Qc7 35. f4 Rh1 36. fxe5 Rxh2+ 37. Kg1 fxe5 38.
Qg4 Rxd2 39. Qg8+ Ke7 40. Nf5+ Nxf5 41. Qg5+ Kd6 42. Qxd2 Nd4 43. Qh6 Qc1+
44. Qxc1 Ne2+ 45. Kf2 Nxc1 46. a3 Nb3 47. Ke3 Nd4 48. Bg8 Nf5+ 49. Ke4
Nxg3+ 50. Kf3 Nh5 51. Bxh7 Nf6 52. Bd3 a6 53. Be4 Nxd5 54. Kf2 Ne7 55. Bb7
Kc7 56. Bxa6 Kb6 57. Bxb5 Kxb5 58. Ke3 Kc4 59. Ke4 Nc6 60. Ke3 Kd5 61. b5
Na5 62. a4 Nc4+ 63. Kf3 e4+ 64. Ke2 Kd4 65. b6 Nxb6 66. a5 Nc8 67. a6 Na7
68. Kd2 e3+ 69. Ke2 Ke4 70. Ke1 Kd3 71. Kd1 Nb5 72. Ke1 e2 0-1

[Event "Najdorf Mem Open A"]
[Site "Warsaw POL"]
[Date "2010.07.23"]
[Round "7"]
[White "Brodsky,M"]
[Black "Radulski,J"]
[Result "1/2-1/2"]
[WhiteElo "2540"]
[BlackElo "2574"]
[EventDate "2010.07.17"]

1. d4 d5 2. c4 dxc4 3. e3 c5 4. Bxc4 cxd4 5. exd4 e6 6. Nc3 Nf6 7. Nf3 Be7
8. O-O O-O 9. a3 Nc6 10. Re1 a6 11. Ba2 Qc7 12. Be3 Rd8 13. Qc2 b5 14. Rad1
Na5 15. Bb1 Nc4 16. Bg5 g6 17. d5 exd5 18. Bxf6 Bxf6 19. Nxd5 Rxd5 20. Rxd5
Bb7 21. Rd3 Qf4 22. Ba2 Bxb2 23. a4 Rc8 24. Qe2 Bf6 25. axb5 axb5 26. h3
Kg7 27. Bb3 Rc5 28. Rd7 1/2-1/2

[Event "Najdorf Mem Open A"]
[Site "Warsaw POL"]
[Date "2010.07.23"]
[Round "7"]
[White "Mista,A"]
[Black "Dziuba,M"]
[Result "1/2-1/2"]
[WhiteElo "2562"]
[BlackElo "2582"]
[EventDate "2010.07.17"]

1. e4 c6 2. d4 d5 3. Nc3 dxe4 4. Nxe4 Nd7 5. Nf3 Ngf6 6. Nxf6+ Nxf6 7. Ne5
Nd7 8. Nxd7 Bxd7 9. c3 Bf5 10. Bd3 Bxd3 11. Qxd3 Qc7 12. Qg3 Qxg3 13. hxg3
h6 14. g4 Rg8 15. g5 hxg5 16. Bxg5 1/2-1/2

[Event "Najdorf Mem Open A"]
[Site "Warsaw POL"]
[Date "2010.07.23"]
[Round "7"]
[White "Malakhatko,V"]
[Black "Socko,M"]
[Result "1-0"]
[WhiteElo "2576"]
[BlackElo "2477"]
[EventDate "2010.07.17"]

1. c4 Nf6 2. Nc3 e5 3. e3 Nc6 4. a3 d5 5. cxd5 Nxd5 6. Qc2 Nxc3 7. bxc3 Be7
8. d4 O-O 9. Nf3 Bd6 10. Be2 f5 11. O-O Kh8 12. Rd1 Qf6 13. c4 exd4 14.
exd4 f4 15. c5 Be7 16. Bb2 Bf5 17. Qc1 Na5 18. d5 Qh6 19. Nd4 Rad8 20. Bf3
b6 21. Nxf5 Rxf5 22. Qc2 Rff8 23. d6 cxd6 24. c6 Rc8 25. c7 b5 26. Rd5 Qg6
27. Be4 Qf7 28. Rxb5 Bf6 29. Bxf6 Rxc7 30. Qd1 Qxf6 31. Rxa5 Rfc8 32. Rb1
Qc3 33. Rab5 Re7 34. R5b3 Qc5 35. Bd3 f3 36. g3 Rf7 37. Ba6 Rcf8 38. Rxf3
1-0

[Event "Najdorf Mem Open A"]
[Site "Warsaw POL"]
[Date "2010.07.23"]
[Round "7"]
[White "Simonian,H"]
[Black "Olszewski,Mi"]
[Result "0-1"]
[WhiteElo "2494"]
[BlackElo "2543"]
[EventDate "2010.07.17"]

1. e4 c5 2. Nc3 a6 3. g3 b5 4. Bg2 Bb7 5. Nge2 e6 6. d4 cxd4 7. Nxd4 Nf6 8.
a3 d6 9. O-O Qc7 10. Re1 Be7 11. a4 bxa4 12. Rxa4 O-O 13. Qe2 Rc8 14. Be3
Nfd7 15. Nb3 Nb6 16. Ra2 Nc6 17. Na4 Nd7 18. Qd2 a5 19. Raa1 Nce5 20. Nd4
Nc5 21. Nb5 Qc6 22. Nxc5 dxc5 23. Na3 c4 24. Bd4 Rd8 25. Red1 Bc5 26. Qc3
Bb4 27. Qe3 f6 28. h3 Rd7 29. Bc3 Rad8 30. Rxd7 Rxd7 31. Kh2 Nf7 32. Re1
Nd6 33. Bh1 e5 34. Rd1 Qa4 35. Bf3 Bxc3 36. Qxc3 Kf7 37. Nxc4 Nxc4 38.
Rxd7+ Qxd7 39. Qxc4+ Kg6 40. Qc3 Qd4 41. Qxd4 exd4 42. g4 Kf7 43. Kg3 Ke6
44. Bg2 Bc6 45. Bf3 Ke5 46. Bd1 Bxe4 47. f3 Bg6 48. f4+ Ke4 49. f5 Bf7 50.
Kf2 h5 51. Bf3+ Kf4 52. Be2 h4 53. Bb5 g5 54. Bd7 Bd5 55. Be6 Bf3 56. Bc4
Be4 57. Bb3 Bc6 58. Bc4 Be4 59. Bb3 Ke5 60. Ba4 Kd6 61. Ke2 Kc5 62. Bb3 Bg2
63. Kf2 Bxh3 64. Kf3 Bf1 0-1

[Event "Najdorf Mem Open A"]
[Site "Warsaw POL"]
[Date "2010.07.23"]
[Round "7"]
[White "Boros,De"]
[Black "Zhigalko,S"]
[Result "1/2-1/2"]
[WhiteElo "2499"]
[BlackElo "2656"]
[EventDate "2010.07.17"]

1. d4 Nf6 2. c4 e6 3. Nc3 Bb4 4. e3 O-O 5. Bd3 c5 6. Nge2 d5 7. cxd5 cxd4
8. exd4 Nxd5 9. O-O Nc6 10. Qc2 h6 11. Rd1 Bd6 12. Be4 Nce7 13. Qb3 b6 14.
Bxd5 Nxd5 15. Nxd5 exd5 16. Bf4 Bg4 17. f3 Be6 18. Rac1 Re8 19. Re1 Bf8 20.
Bc7 Qd7 21. Be5 Rac8 22. Nf4 Rxc1 23. Rxc1 Rc8 24. Rxc8 Qxc8 25. Qc3 Qxc3
1/2-1/2

[Event "Najdorf Mem Open A"]
[Site "Warsaw POL"]
[Date "2010.07.23"]
[Round "7"]
[White "Macieja,B"]
[Black "Kadziolka,B"]
[Result "1-0"]
[WhiteElo "2639"]
[BlackElo "2305"]
[EventDate "2010.07.17"]

1. Nf3 f5 2. d4 Nf6 3. g3 g6 4. c4 Bg7 5. b4 c6 6. a4 d5 7. Nbd2 Ne4 8. Bb2
a5 9. b5 Be6 10. Bg2 Nxd2 11. Qxd2 O-O 12. Ng5 Qd7 13. Rc1 Kh8 14. bxc6
bxc6 15. Nxe6 Qxe6 16. cxd5 cxd5 17. Rc5 Rd8 18. Rxa5 Rxa5 19. Qxa5 Nc6 20.
Qc5 Qd7 21. O-O Qb7 22. e3 Qxb2 23. Qxc6 e5 24. dxe5 Qxe5 25. Rd1 Qf6 26.
Rxd5 Rxd5 27. Qxd5 h6 28. a5 g5 29. Qa2 Qa6 30. Bf1 1-0

[Event "Najdorf Mem Open A"]
[Site "Warsaw POL"]
[Date "2010.07.23"]
[Round "7"]
[White "Erdos,V"]
[Black "Klim,K"]
[Result "1-0"]
[WhiteElo "2592"]
[BlackElo "2245"]
[EventDate "2010.07.17"]

1. d4 d5 2. Nf3 e6 3. c4 Nf6 4. Nc3 Bb4 5. Qa4+ Nc6 6. e3 O-O 7. Qc2 h6 8.
a3 Bxc3+ 9. Qxc3 a5 10. b3 a4 11. b4 dxc4 12. Bxc4 Bd7 13. O-O Na7 14. Re1
Bb5 15. e4 Bxc4 16. Qxc4 c6 17. Bb2 Nb5 18. Rad1 Nc7 19. Qc3 Nfe8 20. Ne5
f6 21. Ng6 Rf7 22. Qh3 Rd7 23. Rd3 Nd6 24. Rg3 Kh7 25. Nf4 Re7 26. Bc1 Nf7
27. Qh5 Nh8 28. Rd1 Qe8 29. Qe2 Rf7 30. Qc2 Rd7 31. Bb2 Kg8 32. h4 Rad8 33.
Nd3 Nb5 34. Nc5 Nxd4 35. Nxd7 Nxc2 36. Nxf6+ Kf8 37. Nh7+ 1-0

[Event "Najdorf Mem Open A"]
[Site "Warsaw POL"]
[Date "2010.07.23"]
[Round "7"]
[White "Czerwonski,A"]
[Black "Vysochin,S"]
[Result "0-1"]
[WhiteElo "2379"]
[BlackElo "2562"]
[EventDate "2010.07.17"]

1. d4 d5 2. c4 c6 3. Nf3 Nf6 4. Nc3 a6 5. c5 Nbd7 6. Bf4 Nh5 7. Bd2 g6 8.
e4 dxe4 9. Nxe4 Ndf6 10. Nc3 Be6 11. Be2 Bg7 12. O-O O-O 13. Qc1 Nd5 14.
Ng5 Qd7 15. Bxh5 gxh5 16. Nxe6 fxe6 17. Bh6 Rf5 18. Bxg7 Kxg7 19. Nxd5 Qxd5
20. Qe3 Rd8 21. Rae1 Rf6 22. b3 Kf7 23. Rd1 Rg8 24. f3 h4 25. Rf2 h3 26. g3
h5 27. Re1 Rd8 28. Qd3 Kg7 29. Qf1 Qxd4 30. Qxh3 Rxf3 31. Ref1 Rxf2 32.
Rxf2 Rf8 33. Qf1 Qxc5 34. b4 Qxf2+ 35. Qxf2 Rxf2 36. Kxf2 Kf6 37. Ke3 Kf5
38. h3 b6 39. Kd4 e5+ 40. Ke3 c5 41. bxc5 bxc5 42. Kd3 e4+ 0-1